[Event "Chigorin Memorial (1800-2200, 30+3)"]
[Site "SchemingMind.com"]
[Date "2008.12.21"]
[Round "-"]
[White "Dr_Pat"]
[Black "riverriver"]
[Result "1-0"]
[WhiteCountry "USA"]
[BlackCountry "USA"]
[WhiteElo "2133"]
[WhiteRD "55"]
[BlackElo "1964"]
[BlackRD "78"]
[GameID "184480"]

1. d4 d5 2. c4 e6 3. Nc3 c6 4. Nf3 Nf6 5. e3 Be7 6. Bd3 Bd7 7. O-O h6 8. e4 O-O 9. e5 Nh7 10. a3 dxc4
11. Bxc4 c5 12. dxc5 Bxc5 13. b4 Be7 14. Bd3 Nc6 15. Qe2 f6 16. Rd1 Ng5 17. Bxg5 fxg5 18. Qe4 Rf5 19. g4 Rxf3 20. Qh7+ Kf8
21. Bg6 Bf6 22. exf6 Qxf6 23. Rxd7 Ne7 24. Qh8+ Ng8 25. Bh7 Ke8 26. Rxg7 Qxg7 27. Qxg7 Ne7 28. Nb5 a6 29. Nc7+
1-0

[Event "Chigorin Memorial (1800-2200, 30+3)"]
[Site "SchemingMind.com"]
[Date "2008.12.21"]
[Round "-"]
[White "Dr_Pat"]
[Black "Cruyce"]
[Result "1-0"]
[WhiteCountry "USA"]
[BlackCountry "BEL"]
[WhiteElo "2138"]
[WhiteRD "50"]
[BlackElo "1755"]
[BlackRD "69"]
[GameID "184481"]

1. d4 f5 2. c4 Nf6 3. Nc3 d6 4. Nf3 g6 5. g3 Bg7 6. Bg2 O-O 7. O-O Qe8 8. d5 Na6 9. Nd4 Bd7 10. Bg5 Nc5
11. Qc2 a5 12. Rad1 c6 13. h3 h6 14. Be3 Rc8 15. Nb3 Nxb3 16. Qxb3 c5 17. Rb1 Rb8 18. Bd2 b6 19. Qc2
1-0

[Event "Chigorin Memorial (1800-2200, 30+3)"]
[Site "SchemingMind.com"]
[Date "2008.12.25"]
[Round "-"]
[White "Dr_Pat"]
[Black "megapixel"]
[Result "1-0"]
[WhiteCountry "USA"]
[BlackCountry "ENG"]
[WhiteElo "2106"]
[WhiteRD "52"]
[BlackElo "1749"]
[BlackRD "65"]
[GameID "184482"]

1. d4 Nf6 2. c4 g6 3. Nc3 Bg7 4. e4 d6 5. Nf3 O-O 6. Be2 e5 7. d5 Nbd7 8. Bg5 h6 9. Bh4 a5 10. O-O g5
11. Bg3 Nc5 12. Nd2 Ne8 13. Bg4 f5 14. exf5 Bxf5 15. Bxf5 Rxf5 16. Qc2
1-0

[Event "Chigorin Memorial (1800-2200, 30+3)"]
[Site "SchemingMind.com"]
[Date "2008.12.21"]
[Round "-"]
[White "Dr_Pat"]
[Black "adamsrichg"]
[Result "1-0"]
[WhiteCountry "USA"]
[BlackCountry "USA"]
[WhiteElo "2106"]
[WhiteRD "52"]
[BlackElo "1927"]
[BlackRD "69"]
[GameID "184483"]

1. d4 Nf6 2. c4 e6 3. Nc3 Bb4 4. Qc2 Nc6 5. Nf3 d6 6. a3 Bxc3+ 7. Qxc3 O-O 8. b4 d5 9. e3 Re8 10. Bd3 e5
11. Nxe5 Qd6 12. Bb2 Nd7 13. Nxc6 bxc6 14. cxd5 cxd5 15. Rc1 Ba6 16. b5 Bc8 17. Qxc7 Qb6 18. O-O Nf6 19. Rc6 Qb7 20. Rfc1 Rb8
21. a4 Bd7 22. Rxf6
1-0

[Event "Chigorin Memorial (1800-2200, 30+3)"]
[Site "SchemingMind.com"]
[Date "2008.12.24"]
[Round "-"]
[White "Dr_Pat"]
[Black "Zagloba"]
[Result "1-0"]
[WhiteCountry "USA"]
[BlackCountry "POL"]
[WhiteElo "2155"]
[WhiteRD "51"]
[BlackElo "1885"]
[BlackRD "81"]
[GameID "184484"]

1. d4 Nf6 2. c4 g6 3. Nc3 Bg7 4. e4 d6 5. Nf3 O-O 6. Be2 e5 7. d5 Nbd7 8. O-O Nc5 9. Qc2 a5 10. Bg5 h6
11. Be3 Nfd7 12. Qd2 Kh7 13. Bd3 f5 14. exf5 gxf5 15. Bc2 Qf6 16. Nb5 c6 17. dxc6 bxc6 18. Nxd6 e4 19. Ne1 Qxb2 20. Rd1 Qxa2
21. Nxf5 Qxc4 22. Nxg7 Ba6 23. Nf3 Kxg7 24. Bxh6+ Kg8 25. Qg5+ Kf7 26. Qh5+ Ke7 27. Ne5 Qe6 28. Ng6+ Kf6 29. Nxf8 Rxf8 30. Bxf8 Qf5
31. Qh8+
1-0

[Event "Chigorin Memorial (1800-2200, 30+3)"]
[Site "SchemingMind.com"]
[Date "2008.12.21"]
[Round "-"]
[White "Dr_Pat"]
[Black "Zerstörer"]
[Result "1-0"]
[WhiteCountry "USA"]
[BlackCountry "ITA"]
[WhiteElo "2138"]
[WhiteRD "50"]
[BlackElo "2041"]
[BlackRD "87"]
[GameID "184485"]

1. d4 Nf6 2. c4 g6 3. Nc3 d5 4. cxd5 Nxd5 5. e4 Nxc3 6. bxc3 Bg7 7. Nf3 c5 8. Be3 Qa5 9. Qd2 Nc6 10. Rc1 cxd4
11. cxd4 Qxd2+ 12. Kxd2 Bg4 13. d5 Ne5 14. Nd4 Rc8 15. Bb5+ Kd8 16. f4 a6 17. Ne6+
1-0

[Event "Chigorin Memorial (1800-2200, 30+3)"]
[Site "SchemingMind.com"]
[Date "2008.12.25"]
[Round "-"]
[White "Tschigorin"]
[Black "Dr_Pat"]
[Result "1-0"]
[WhiteCountry "GER"]
[BlackCountry "USA"]
[WhiteElo "2249"]
[WhiteRD "95"]
[BlackElo "2099"]
[BlackRD "56"]
[GameID "184486"]

1. d4 d5 2. c4 c6 3. Nf3 Nf6 4. Nc3 e6 5. e3 Nbd7 6. Bd3 dxc4 7. Bxc4 b5 8. Be2 b4 9. Na4 Bb7 10. O-O Be7
11. a3 a5 12. Qc2 O-O 13. Rd1 Qc7 14. axb4 axb4 15. Bd2 Ra5 16. Rac1 Qb8 17. b3 Rc8 18. Nb2 Qa8 19. Nc4 Ra2 20. Qb1 c5
21. Nb2 Be4 22. Nd3 Nd5 23. Bf1 h6 24. Nfe1 Bf6 25. Rc2 Rxc2 26. Nxc2 cxd4 27. exd4 Nc3 28. Qc1 Nxd1 29. Qxd1 Qd5 30. Ncxb4
1-0

[Event "Chigorin Memorial (1800-2200, 30+3)"]
[Site "SchemingMind.com"]
[Date "2008.12.21"]
[Round "-"]
[White "riverriver"]
[Black "Dr_Pat"]
[Result "0-1"]
[WhiteCountry "USA"]
[BlackCountry "USA"]
[WhiteElo "1830"]
[WhiteRD "68"]
[BlackElo "2099"]
[BlackRD "56"]
[GameID "184487"]

1. d4 d5 2. c4 c6 3. Nc3 Nf6 4. e3 e6 5. Nf3 Nbd7 6. Bd3 dxc4 7. Be4 Nxe4 8. Nxe4 f5 9. Neg5 Qf6 10. Qe2 h6
11. Nh3 g5 12. Nd2 b5 13. O-O Be7 14. Re1 O-O 15. f4 Bb7 16. fxg5 hxg5 17. Rf1 c5 18. Nf2 a6 19. Rd1 g4 20. Nf1 Qg6
21. Ng3 cxd4 22. Rxd4 Ne5 23. Bd2 Bc5 24. Rf4 Qh7 25. Bc3 Ng6 26. Rd1 Nxf4 27. exf4 Bd5 28. Bd4 Bxd4 29. Rxd4 Rad8 30. Nd1 Qa7
31. Qe3 Bxg2 32. Ne2 Bf3 33. Qxe6+ Kh7 34. Ne3 Rxd4 35. Nxd4 Qxd4 36. Qe7+ Kg8 37. Qg5+ Qg7 38. Qh4 Qxb2 39. Qg5+ Qg7 40. Qh4 Re8
41. Nxf5 Qa1+ 42. Kf2 Re2+ 43. Kg3 Qg1#
0-1

[Event "Chigorin Memorial (1800-2200, 30+3)"]
[Site "SchemingMind.com"]
[Date "2008.12.21"]
[Round "-"]
[White "Cruyce"]
[Black "Dr_Pat"]
[Result "0-1"]
[WhiteCountry "BEL"]
[BlackCountry "USA"]
[WhiteElo "1755"]
[WhiteRD "69"]
[BlackElo "2138"]
[BlackRD "50"]
[GameID "184488"]

1. d4 d5 2. c4 c6 3. Nf3 Nf6 4. e3 e6 5. b3 Nbd7 6. Bb2 Bb4+ 7. Nbd2 Ne4 8. Bd3 f5 9. O-O O-O 10. a3 Bd6
11. Ne5 a5 12. f4 Nxe5 13. fxe5 Be7 14. Nxe4 dxe4 15. Be2 b6 16. Qd2 Bb7 17. Rad1 Qd7 18. Kh1 Rad8 19. Qc2 Bg5 20. Qc3 Ba6
21. Bc1 Rde8
0-1

[Event "Chigorin Memorial (1800-2200, 30+3)"]
[Site "SchemingMind.com"]
[Date "2008.12.25"]
[Round "-"]
[White "megapixel"]
[Black "Dr_Pat"]
[Result "0-1"]
[WhiteCountry "ENG"]
[BlackCountry "USA"]
[WhiteElo "1749"]
[WhiteRD "65"]
[BlackElo "2106"]
[BlackRD "52"]
[GameID "184489"]

1. Nf3 Nf6 2. c4 g6 3. b4 Bg7 4. Bb2 O-O 5. g3 d6 6. Bg2 e5 7. d3 a5 8. a3 axb4 9. axb4 Rxa1 10. Bxa1 Na6
11. b5 Nc5 12. e4 Be6 13. Nc3 Qa8 14. O-O Qa3
0-1

[Event "Chigorin Memorial (1800-2200, 30+3)"]
[Site "SchemingMind.com"]
[Date "2008.12.21"]
[Round "-"]
[White "adamsrichg"]
[Black "Dr_Pat"]
[Result "0-1"]
[WhiteCountry "USA"]
[BlackCountry "USA"]
[WhiteElo "1911"]
[WhiteRD "71"]
[BlackElo "2155"]
[BlackRD "51"]
[GameID "184490"]

1. e4 Nf6 2. e5 Nd5 3. c4 Nb6 4. d4 d6 5. exd6 cxd6 6. Nc3 g6 7. Be3 Bg7 8. Rc1 O-O 9. b3 Nc6 10. d5 Ne5
11. Be2 f5 12. f4 Ng4 13. Bd4 Bxd4 14. Qxd4 Nf6 15. Nf3 Nbd7 16. O-O Qb6 17. Qxb6 axb6 18. Rc2 Nc5 19. Ng5 h6 20. Nf3 Nfe4
21. Nxe4 fxe4 22. Nd4 Bd7 23. g3 Ra3 24. Rf2 Bf5 25. Rg2 Bh3 26. Rf2 Rfa8 27. Bf1 Bf5 28. Rg2 Bd7 29. Rgf2 Kg7 30. Kg2 h5
31. h4 Bf5 32. Nb5 e3 33. Rfe2 Bxc2 34. Nxa3 Be4+ 35. Kg1 Rxa3 36. Bg2 Bb1 37. Rxe3 Kf7
0-1

[Event "Chigorin Memorial (1800-2200, 30+3)"]
[Site "SchemingMind.com"]
[Date "2008.12.25"]
[Round "-"]
[White "Zagloba"]
[Black "Dr_Pat"]
[Result "0-1"]
[WhiteCountry "POL"]
[BlackCountry "USA"]
[WhiteElo "1915"]
[WhiteRD "82"]
[BlackElo "2138"]
[BlackRD "50"]
[GameID "184491"]

1. e4 Nf6 2. e5 Nd5 3. d4 d6 4. Nf3 Bg4 5. Be2 e6 6. O-O Be7 7. h3 Bh5 8. c4 Nb6 9. Nc3 O-O 10. Be3 d5
11. c5 Bxf3 12. gxf3 N6d7 13. f4 c6 14. Kh2 f5 15. b4 b6 16. Rg1 a5 17. a3 Qc7 18. Qf1 b5 19. Qg2 g6 20. Bh5 Kh8
21. Na2 Na6 22. Bd2 axb4 23. Nxb4 Nxb4 24. Bxb4 Bh4 25. Bd1 Nf6 26. f3 Nh5 27. Qd2 Rg8 28. Bc2 Qg7 29. Rg5 Bxg5 30. fxg5 f4
31. Qc1 Qe7 32. h4 h6
0-1

[Event "Chigorin Memorial (1800-2200, 30+3)"]
[Site "SchemingMind.com"]
[Date "2008.12.21"]
[Round "-"]
[White "Zerstörer"]
[Black "Dr_Pat"]
[Result "1/2-1/2"]
[WhiteCountry "ITA"]
[BlackCountry "USA"]
[WhiteElo "2041"]
[WhiteRD "87"]
[BlackElo "2138"]
[BlackRD "50"]
[GameID "184492"]

1. d4 d5 2. c4 c6 3. Nf3 Nf6 4. Nc3 e6 5. e3 Nbd7 6. Qc2 Bd6 7. Be2 O-O 8. O-O dxc4 9. Bxc4 b5 10. Bd3 Bb7
11. Ne4 Nxe4 12. Bxe4 Nf6 13. Bd3 c5 14. dxc5 Rc8 15. b4 Bxf3 16. gxf3 Nd5 17. a3 Qg5+ 18. Kh1 Qh5=
1/2-1/2

[Event "Chigorin Memorial (1800-2200, 30+3)"]
[Site "SchemingMind.com"]
[Date "2008.12.27"]
[Round "-"]
[White "dvaldez"]
[Black "Tschigorin"]
[Result "0-1"]
[WhiteCountry "CAN"]
[BlackCountry "GER"]
[WhiteElo "2009"]
[WhiteRD "75"]
[BlackElo "2233"]
[BlackRD "91"]
[GameID "184731"]

1. e4 e6 2. d4 d5 3. Nd2 f5 4. exf5 exf5 5. Ndf3 Nf6 6. Bd3 Be7 7. Ne2 O-O 8. O-O Kh8 9. Ne5 Nc6 10. f4 Nb4
11. a3 Nxd3 12. Qxd3 Be6 13. Be3 c6 14. c3 Qc7 15. b4 b6 16. Kh1 Rac8 17. Rac1 Ne4 18. Bg1 c5 19. dxc5 bxc5 20. Qh3 Rf6
21. Qe3 a5 22. b5 Bd6 23. Nf3 a4 24. Rb1 Rb8 25. Rb2 Qa5 26. Rfb1 Rf7 27. Ng5 Nxg5 28. fxg5 Re7 29. Nf4 Bg8 30. Qf3 Re4
31. Nh5 f4 32. b6 Rc4 33. Rb5 Qxc3 34. Qxc3 Rxc3 35. b7 Rxa3 36. Bxc5 Bxc5 37. Rxc5 Rxb7 38. Rf1 Rab3 39. Nxf4 a3 40. Ra5 d4
41. Ne6 Bxe6 42. Ra8+ Bg8 43. h3 Rb1
0-1

[Event "Chigorin Memorial (1800-2200, 30+3)"]
[Site "SchemingMind.com"]
[Date "2008.12.24"]
[Round "-"]
[White "dvaldez"]
[Black "riverriver"]
[Result "1-0"]
[WhiteCountry "CAN"]
[BlackCountry "USA"]
[WhiteElo "1978"]
[WhiteRD "72"]
[BlackElo "1683"]
[BlackRD "68"]
[GameID "184732"]

1. e4 e5 2. Nf3 Nc6 3. Bb5 a6 4. Ba4 Nf6 5. O-O Be7 6. Re1 b5 7. Bb3 d6 8. c3 O-O 9. h3 Bb7 10. d4 Nd7
11. a4 Na5 12. Bc2 c5 13. Nbd2 cxd4 14. cxd4 Nc6 15. Nf1 Qc7 16. Ng3 Nxd4 17. Bb1 Nxf3+ 18. Qxf3 f6 19. axb5 axb5 20. Rxa8 Rxa8
21. Qb3+ Qc4 22. Qf3 Ra1 23. Bd2 Nc5 24. Nf5 Bf8 25. b4 g6 26. bxc5 gxf5 27. Qxf5 Qb3 28. Qg4+ Bg7 29. Bh6 Qf7 30. c6 Bxc6
31. Bxg7 Qxg7 32. Qc8+ Kf7 33. Qxc6 Ke6 34. Ba2+ Rxa2 35. Qd5+ Ke7 36. Qxa2 Qg6 37. Qa7+ Ke6 38. Qb7 f5 39. Qd5+ Kd7 40. Qxb5+ Ke6
41. Qd5+ Kd7 42. Rb1 Ke7 43. Rb7+ Ke8 44. Qc6+
1-0

[Event "Chigorin Memorial (1800-2200, 30+3)"]
[Site "SchemingMind.com"]
[Date "2008.12.22"]
[Round "-"]
[White "dvaldez"]
[Black "Dr_Pat"]
[Result "0-1"]
[WhiteCountry "CAN"]
[BlackCountry "USA"]
[WhiteElo "1936"]
[WhiteRD "75"]
[BlackElo "2133"]
[BlackRD "55"]
[GameID "184733"]

1. e4 Nf6 2. e5 Nd5 3. d4 d6 4. exd6 cxd6 5. c4 Nb6 6. Nc3 g6 7. Be3 Bg7 8. Bd3 O-O 9. Nf3 Nc6 10. h3 f5
11. Qd2 e5 12. Bg5 Qd7 13. dxe5 dxe5 14. Be2 e4 15. Nh4 Qxd2+ 16. Kxd2 Be6 17. c5 Nd7 18. b4 Rad8 19. Bxd8 Rxd8 20. Rad1 Nxb4
21. a3 Nxc5+ 22. Kc1 Nbd3+ 23. Bxd3 Nxd3+ 24. Rxd3 Rxd3 25. Nb5 a6
0-1

[Event "Chigorin Memorial (1800-2200, 30+3)"]
[Site "SchemingMind.com"]
[Date "2008.12.22"]
[Round "-"]
[White "dvaldez"]
[Black "adamsrichg"]
[Result "0-1"]
[WhiteCountry "CAN"]
[BlackCountry "USA"]
[WhiteElo "1936"]
[WhiteRD "75"]
[BlackElo "1907"]
[BlackRD "72"]
[GameID "184737"]

1. e4 c5 2. Nf3 g6 3. Nc3 Nc6 4. g3 Bg7 5. Bg2 d6 6. O-O Nf6 7. Re1 O-O 8. d3 Bg4 9. h3 Bxf3 10. Qxf3 Nd4
11. Qd1 Qd7 12. Nd5 e6 13. Nxf6+ Bxf6 14. c3 Nc6 15. Bh6 Bg7 16. Be3 Rac8 17. f4 b6 18. Rc1 e5 19. Rf1 f5 20. exf5 Rxf5
21. Bd5+ Kh8 22. Qb3 Nd8 23. g4 Rf8 24. fxe5 Rxf1+ 25. Rxf1 dxe5 26. Bg5 h6 27. Bxd8 Rxd8 28. Be4 h5 29. Rf7 Qc8 30. Bb7 Qb8
31. Qe6 e4 32. Kg2 Rxd3 33. Qxe4 Qg3+ 34. Kf1 Rd1+ 35. Ke2 Re1+ 36. Kd2 Rxe4 37. Bxe4 Qd6+ 38. Kc2 Qe6
0-1

[Event "Chigorin Memorial (1800-2200, 30+3)"]
[Site "SchemingMind.com"]
[Date "2008.12.24"]
[Round "-"]
[White "dvaldez"]
[Black "Zagloba"]
[Result "1/2-1/2"]
[WhiteCountry "CAN"]
[BlackCountry "POL"]
[WhiteElo "1936"]
[WhiteRD "75"]
[BlackElo "1847"]
[BlackRD "75"]
[GameID "184738"]

1. e4 e5 2. Nf3 Nc6 3. Bb5 Nf6 4. O-O Nxe4 5. d4 Nd6 6. Bxc6 dxc6 7. dxe5 Nf5 8. Qxd8+ Kxd8 9. Nc3 Ne7 10. h3 Ke8
11. Rd1 h6 12. Ne4 Ng6 13. a3 c5 14. h4 Bg4 15. Be3 b6 16. Ned2 Be7 17. g3 f6 18. exf6 Bxf6 19. Re1 Kf7 20. c3 Rhd8
21. Kg2 Rd7 22. Ne4 Bxf3+ 23. Kxf3 Ne5+ 24. Ke2 Rad8 25. Nxf6 Kxf6 26. Red1 Rxd1 27. Rxd1 Rxd1 28. Kxd1 Nd3 29. Kc2 c4 30. b3 Ne5
31. Bd4 cxb3+ 32. Kxb3 c5 33. Be3 g5 34. hxg5+ hxg5 35. Bxg5+ Kxg5 36. f4+ Kf5 37. fxe5 b5 38. c4=
1/2-1/2

[Event "Chigorin Memorial (1800-2200, 30+3)"]
[Site "SchemingMind.com"]
[Date "2008.12.22"]
[Round "-"]
[White "dvaldez"]
[Black "Zerstörer"]
[Result "1-0"]
[WhiteCountry "CAN"]
[BlackCountry "ITA"]
[WhiteElo "2008"]
[WhiteRD "75"]
[BlackElo "2011"]
[BlackRD "93"]
[GameID "184739"]

1. e4 c6 2. d4 d5 3. Nc3 dxe4 4. Nxe4 Bf5 5. Ng3 Bg6 6. h4 h6 7. h5 Bh7 8. Nf3 Nd7 9. Bd3 Bxd3 10. Qxd3 Ngf6
11. Bf4 Qa5+ 12. c3 e6 13. a4 Nd5 14. Bd2 Qc7 15. O-O N5f6 16. Rfe1 O-O-O 17. b4 Bd6 18. Ne4 Nxe4 19. Qxe4 Nf6 20. Qh4 Qe7
21. Ne5 Bxe5 22. Rxe5 Nd5 23. Qg4 Rhg8 24. b5 Qd7 25. Qe2 cxb5 26. axb5 Kb8 27. c4 Nc7 28. Bc3 b6 29. Qa2 Ne8 30. c5 bxc5
31. dxc5 Qxb5 32. Rb1 Rd1+ 33. Rxd1
1-0

[Event "Chigorin Memorial (1800-2200, 30+3)"]
[Site "SchemingMind.com"]
[Date "2008.12.27"]
[Round "-"]
[White "Tschigorin"]
[Black "dvaldez"]
[Result "1-0"]
[WhiteCountry "GER"]
[BlackCountry "CAN"]
[WhiteElo "2233"]
[WhiteRD "91"]
[BlackElo "2009"]
[BlackRD "75"]
[GameID "184740"]

1. d4 Nf6 2. c4 c5 3. d5 e6 4. Nc3 exd5 5. cxd5 d6 6. e4 g6 7. f4 Bg7 8. Bb5+ Nfd7 9. a4 O-O 10. Nf3 a6
11. Bd3 Nf6 12. h3 Re8 13. O-O Nbd7 14. Re1 Qb6 15. Kh1 Qb4 16. Na2 Qa5 17. Bd2 Qc7 18. Qc2 Rb8 19. a5 b5 20. axb6 Qxb6
21. Rab1 Qb3 22. Qxb3 Rxb3 23. Nc3 Nh5 24. g4 Bxc3 25. bxc3 Rxb1 26. Bxb1 Ng7 27. c4 Nb6 28. Bd3 h5 29. Ba5 hxg4 30. hxg4 Na4
31. f5 gxf5 32. gxf5 f6 33. Bc7 Nb2 34. Bf1 Kf7 35. Bxd6 Nh5 36. Rb1 Rxe4 37. Rxb2 Bxf5 38. Bd3 Re3 39. Bxf5 Rxf3 40. Bg4
1-0

[Event "Chigorin Memorial (1800-2200, 30+3)"]
[Site "SchemingMind.com"]
[Date "2008.12.27"]
[Round "-"]
[White "riverriver"]
[Black "dvaldez"]
[Result "0-1"]
[WhiteCountry "USA"]
[BlackCountry "CAN"]
[WhiteElo "1881"]
[WhiteRD "72"]
[BlackElo "1976"]
[BlackRD "77"]
[GameID "184741"]

1. d4 Nf6 2. c4 c5 3. d5 e6 4. Nc3 exd5 5. cxd5 d6 6. Nf3 g6 7. e4 Bg7 8. h3 O-O 9. Bg5 h6 10. Bxf6 Qxf6
11. Bd3 a6 12. O-O b5 13. Rc1 Nd7 14. Qc2 c4 15. Be2 Re8 16. a4 Rb8 17. axb5 axb5 18. Ra1 Nc5 19. Ra7 b4 20. Na4 Nxa4
21. Qxa4 Rxe4 22. Ra8 Rxa8 23. Qc2 Bf5 24. g4 Rxg4+ 25. hxg4 Bxc2 26. Nd2 Bd3 27. Nxc4 Bxe2
0-1

[Event "Chigorin Memorial (1800-2200, 30+3)"]
[Site "SchemingMind.com"]
[Date "2008.12.27"]
[Round "-"]
[White "Dr_Pat"]
[Black "dvaldez"]
[Result "1-0"]
[WhiteCountry "USA"]
[BlackCountry "CAN"]
[WhiteElo "2133"]
[WhiteRD "55"]
[BlackElo "1936"]
[BlackRD "75"]
[GameID "184742"]

1. d4 Nf6 2. c4 c5 3. d5 e6 4. Nc3 exd5 5. cxd5 d6 6. e4 g6 7. f4 Bg7 8. Bb5+ Nfd7 9. a4 O-O 10. Nf3 a6
11. Bd3 Nf6 12. O-O Qe7 13. e5 Ne8 14. Qb3 Nd7 15. e6 fxe6 16. dxe6 Ndf6 17. f5 gxf5 18. Bxf5 Nc7 19. Re1 Rb8 20. Ng5 d5
21. Kh1 c4 22. Qb6 h6 23. Nf7 Na8 24. Qa7 Bd7 25. Bf4
1-0

[Event "Chigorin Memorial (1800-2200, 30+3)"]
[Site "SchemingMind.com"]
[Date "2008.12.27"]
[Round "-"]
[White "adamsrichg"]
[Black "dvaldez"]
[Result "1-0"]
[WhiteCountry "USA"]
[BlackCountry "CAN"]
[WhiteElo "1894"]
[WhiteRD "76"]
[BlackElo "1950"]
[BlackRD "83"]
[GameID "184746"]

1. e4 c5 2. Nc3 Nc6 3. f4 g6 4. Nf3 Bg7 5. Bb5 Nd4 6. O-O Nxb5 7. Nxb5 d6 8. d3 Nf6 9. Nc3 O-O 10. Qe1 a6
11. Qh4 e6 12. Ng5 h6 13. Nf3 Nh5 14. Qf2 Nf6 15. Rb1 b5 16. Nh4 Ng4 17. Qg3 Bd4+ 18. Kh1 h5 19. Ne2 Bf6 20. Nf3 Kh8
21. h3 Nh6 22. f5 g5 23. fxe6 Bxe6 24. Bxg5 Rg8 25. Bxf6+ Qxf6 26. Qxd6 Qg7 27. Rg1 Bxa2 28. Ra1 Rgd8 29. Qxc5
1-0

[Event "Chigorin Memorial (1800-2200, 30+3)"]
[Site "SchemingMind.com"]
[Date "2008.12.27"]
[Round "-"]
[White "Zagloba"]
[Black "dvaldez"]
[Result "0-1"]
[WhiteCountry "POL"]
[BlackCountry "CAN"]
[WhiteElo "1885"]
[WhiteRD "81"]
[BlackElo "1941"]
[BlackRD "81"]
[GameID "184747"]

1. g3 Nf6 2. Bg2 g6 3. d4 Bg7 4. c4 O-O 5. Nf3 d6 6. Nc3 Nc6 7. O-O e5 8. d5 Ne7 9. e4 Nd7 10. Ne1 f5
11. Nd3 b6 12. b4 a5 13. Rb1 axb4 14. Rxb4 Nc5 15. f4 exf4 16. Ne2 fxg3 17. Nxg3 Rxa2
0-1

[Event "Chigorin Memorial (1800-2200, 30+3)"]
[Site "SchemingMind.com"]
[Date "2008.12.27"]
[Round "-"]
[White "Zerstörer"]
[Black "dvaldez"]
[Result "1-0"]
[WhiteCountry "ITA"]
[BlackCountry "CAN"]
[WhiteElo "2048"]
[WhiteRD "84"]
[BlackElo "2009"]
[BlackRD "75"]
[GameID "184748"]

1. d4 Nf6 2. c4 c5 3. d5 e6 4. Nc3 exd5 5. cxd5 d6 6. Nf3 g6 7. e3 Bg7 8. Be2 O-O 9. O-O a6 10. h3 b5
11. Bd3 Re8 12. Re1 b4 13. Ne2 Bb7 14. Nf4 Bxd5 15. Nxd5 Nxd5 16. Bxg6 hxg6 17. Qxd5 Ra7 18. Rd1 Rd7 19. Rb1 a5 20. b3 Na6
21. Bb2 Nc7 22. Qd2 Bxb2 23. Qxb2 Nb5 24. Rbc1 Qe7 25. Rc4 Nc3 26. Rxc3 bxc3 27. Qxc3 Ra8 28. a4 Rb7 29. Rd3 Qf8 30. Nd2 Rd7
31. Ne4 Qe7 32. Nf6+ Kf8 33. Nxd7+
1-0